Normal view
MARC view
Entry Personal Name
001 - CONTROL NUMBER
- control field: 19542
003 - CONTROL NUMBER IDENTIFIER
- control field: OSt
005 - DATE AND TIME OF LATEST TRANSACTION
- control field: 20260224121546.0
008 - FIXED-LENGTH DATA ELEMENTS
- fixed length control field: 260224|| aca||aabn | a|a d
040 ## - CATALOGING SOURCE
- Original cataloging agency: OSt
- Transcribing agency: OSt
100 ## - HEADING--PERSONAL NAME
- Personal name: Lynch, Jorge A
670 ## - SOURCE DATA FOUND
- Source citation: Work cat.: (OSt)9604: Lynch, Jorge A., Public Procurement and Contract Administration: a brief introduction
